Ti Voglio Bene - Tiziano Ferro - Testo Completo - Statistics

Statistiche generali
  • Questo quiz è stato fatto 52 volte
  • Il punteggio medio è 474 su 707
Statistiche sulle risposte
Risposta % Corretto
bene)
97%
(Ti
97%
ti
97%
Ti
97%
voglio
97%
i
92%
a
89%
di
89%
è
89%
e
89%
E
89%
È
89%
le
89%
lo
89%
se
89%
Te
89%
te
89%
che
86%
la
86%
Ma
86%
ma
86%
(No,
86%
no)
86%
un
86%
Un
86%
da
84%
Da
84%
mi
84%
Mi
84%
per
84%
Tu
84%
Una
84%
ne
81%
non
81%
po'
81%
so
81%
so,
81%
Me
78%
nel
78%
(Oh,
78%
son
78%
sono
78%
Sono
78%
"Sono
78%
(Uh)
78%
uh
78%
Uh-uh,
78%
anche
76%
Anche
76%
due
76%
fa
76%
ha
76%
hai
76%
in
73%
In
73%
adesso
70%
dicevo
70%
dico
70%
il
70%
poco,
70%
poco
70%
Quante
70%
quante
70%
quattro
70%
spesso
70%
troppe
70%
troppo
70%
castello
68%
io
68%
poche,
68%
principesse
68%
tante
68%
tante,
68%
Tre
68%
domani
65%
ho
65%
Ho
65%
nascosto?
65%
Perché
65%
più
65%
mio
62%
ci
59%
con
59%
cose
59%
quelle
59%
rinchiuso
59%
ancora
57%
Chi
57%
cuore
57%
giorni
57%
prima
57%
si
57%
come
54%
ora
54%
Ora
54%
però
54%
quando
54%
al
51%
amico
51%
mai
51%
poi
51%
Poi
51%
sempre
51%
solo
51%
vicino
51%
volte
51%
attenzioni
49%
male
49%
ore
49%
può
49%
quanto
49%
sei
49%
tua
49%
tuo
49%
tutte
49%
tutto
49%
ed
46%
mie
46%
quella
46%
sera
46%
tempo
46%
fare
43%
paura
43%
quello
43%
stato
43%
strano
43%
Tiziano"
43%
Vorrei
43%
vorrei
43%
ciò
41%
Dici
41%
ieri,
41%
miei
41%
nonostante
41%
parlar
41%
parlare
41%
questo
41%
sopra
41%
sotto
41%
accorgevo
38%
chiedo
38%
Dire
38%
fatto
38%
giro,
38%
mondo
38%
ogni
38%
paure
38%
sapevo,
38%
sentivi
38%
stesse
38%
venti
38%
alla
35%
buoni
35%
canzone
35%
consola
35%
momento
35%
presto
35%
quindi
35%
serve
35%
settimane
35%
sogni
35%
stringerti
35%
stronzo
35%
sulla
35%
arriverà
32%
(Arriverà)
32%
camminare
32%
copertina
32%
d'amore
32%
gola
32%
indietro
32%
niente
32%
note
32%
passati
32%
piangevi
32%
piovesse
32%
ricominciare
32%
ricordarti
32%
ridere
32%
vedessi
32%
aspettassi
30%
caldo
30%
chiamavi
30%
decidere
30%
diverso
30%
Fidanzate
30%
forte
30%
invece,
30%
lentamente
30%
l'incoscienza
30%
metro
30%
mezzo
30%
rancore
30%
rivoglio
30%
Sarei
30%
Sicuramente
30%
sopportato,
30%
sopporti
30%
tantissimo
30%
terminata
30%
visto
30%
applauso
27%
bisbigliando
27%
Dall'altro
27%
debitore
27%
dedicarti
27%
emozioni
27%
l'amicizia
27%
nostri
27%
odore
27%
pelle
27%
rimpiangendo
27%
ringraziarti,
27%
sarcastico
27%
secondo
27%
seppellito
27%
suolo
27%
telefono
27%
tiri
27%
video
27%
Viverlo
27%
fu
24%
gesti
24%
Magari
24%
odi
24%
quarti
24%
rovinato
24%
sorrisi
24%
trascorsi
24%
viaggio
24%
accorti
22%
altro
22%
contento
22%
Dietro
22%
disilluso
22%
farci
22%
faticando
22%
fermerebbe
22%
L'allegria
22%
Latina
22%
l'ombra
22%
magia
22%
ormai
22%
racconto
22%
starmi
22%
ascoltavi,
19%
chiacchierare
19%
pagare
19%
unire
16%
rassicurarmi
14%
Nessun quiz corrispondente trovato
Distribuzione punteggi
Percentuale di utenti per punteggio
Percentile per numero di risposta
I tuoi punteggi nel tempo
Non hai fatto questo quiz